[Event "12th World Teams 2019"]
[Site "Astana KAZ"]
[Date "2019.03.12"]
[Round "7.5"]
[Board "1"]
[White "Jumabayev, Rinat"]
[Black "Maghsoodloo, Parham"]
[Result "1/2-1/2"]
[WhiteTitle "GM"]
[BlackTitle "GM"]
[WhiteElo "2609"]
[BlackElo "2673"]
[WhiteTeam "Kazakhstan"]
[BlackTeam "Iran"]
[WhiteFideId "13702661"]
[BlackFideId "12539929"]
[EventDate "2019.03.05"]

1. d4 f5 2. Nf3 Nf6 3. c4 g6 4. e3 d6 5. Be2 Bg7 6. b4 e5 7. dxe5 Ng4 8. Nc3 Nc6
9. Bb2 Ngxe5 10. Nxe5 Nxe5 11. Qc2 Be6 12. Nb5 O-O 13. O-O c6 14. Nd4 Bf7 15.
Rad1 Qe7 16. Nb3 c5 17. Bxe5 Bxe5 18. b5 a6 19. b6 a5 20. g3 Ra6 21. Rb1 Rxb6
22. Nxa5 Qc7 23. Nb3 Ra8 24. Rfd1 Rb4 25. Nc1 Rxb1 26. Qxb1 Ra6 27. Qc2 Qa5 28.
Rd3 Qa4 29. Rb3 Ra8 30. Qd3 d5 31. Rxb7 dxc4 32. Qb1 Bd5 33. Rb6 Rd8 34. f3 Bc7
35. Rb5 Qa3 36. Kf2 Re8 37. e4 fxe4 38. f4 g5 39. Rb7 Bxb7 40. Qxb7 Bxf4 41.
Qd5+ Kh8 42. Qf7 Rg8 43. Qf6+ Rg7 44. Qf8+ Rg8 45. Qf6+ 1/2-1/2

[Event "12th World Teams 2019"]
[Site "Astana KAZ"]
[Date "2019.03.12"]
[Round "7.5"]
[Board "2"]
[White "Idani, Pouya"]
[Black "Ismagambetov, Anuar"]
[Result "1/2-1/2"]
[WhiteTitle "GM"]
[BlackTitle "GM"]
[WhiteElo "2604"]
[BlackElo "2545"]
[WhiteTeam "Iran"]
[BlackTeam "Kazakhstan"]
[WhiteFideId "12510130"]
[BlackFideId "13701525"]
[EventDate "2019.03.05"]

1. e4 c5 2. Nf3 Nc6 3. Bb5 g6 4. Bxc6 dxc6 5. d3 Bg7 6. Nc3 Nf6 7. h3 Nd7 8. Be3
e5 9. Qd2 h6 10. O-O b6 11. a4 a5 12. Nh2 Nf6 13. Rae1 Be6 14. Ne2 g5 15. Qc3
Rg8 16. Ng3 Qc7 17. f3 O-O-O 18. Ng4 Nd7 19. Bf2 Bf8 20. Nh5 Rg6 21. Bg3 Bd6 22.
Ne3 c4 23. Qd2 cxd3 24. Qxd3 Nc5 25. Qe2 Nxa4 26. Rd1 b5 27. c4 Bc5 28. cxb5
Rxd1 29. Rxd1 Qb6 30. Bf2 Qxb5 31. Qd2 Bd4 32. Nc2 c5 33. Nxd4 exd4 34. Rc1 Kb7
35. e5 Rg8 36. Nf6 Rb8 37. Ne4 Qb4 38. Qxb4+ axb4 39. Nxc5+ Nxc5 40. Rxc5 Rd8
41. Be1 d3 42. Bd2 Kb6 43. Be3 Kb7 44. Bd2 Kb6 45. Be3 Kb7 1/2-1/2

[Event "12th World Teams 2019"]
[Site "Astana KAZ"]
[Date "2019.03.12"]
[Round "7.5"]
[Board "3"]
[White "Kazhgaleyev, Murtas"]
[Black "Tabatabaei, M.amin"]
[Result "1/2-1/2"]
[WhiteTitle "GM"]
[BlackTitle "GM"]
[WhiteElo "2587"]
[BlackElo "2600"]
[WhiteTeam "Kazakhstan"]
[BlackTeam "Iran"]
[WhiteFideId "13700316"]
[BlackFideId "12521213"]
[EventDate "2019.03.05"]

1. d4 g6 2. c4 Bg7 3. e4 d6 4. Nc3 e5 5. d5 a5 6. b3 f5 7. exf5 gxf5 8. Qh5+ Kf8
9. Bb2 Nf6 10. Qd1 Na6 11. Be2 Nc5 12. Nf3 Bd7 13. O-O Rg8 14. Qc2 Nh5 15. g3 e4
16. Ne1 Nf4 17. Ng2 Nfd3 18. Bxd3 Nxd3 19. Rad1 Nxb2 20. Qxb2 Qf6 21. Rc1 h5 22.
Qe2 h4 23. Kh1 Bh6 24. Rc2 h3 25. Ne3 Re8 26. Nb5 c6 27. Nc7 Rc8 28. Ne6+ Bxe6
29. dxe6 Ke7 30. Qh5 Rcf8 31. Qxh3 Rh8 32. Qg2 f4 33. gxf4 Bxf4 34. Ng4 Qh4 35.
f3 exf3 36. Rxf3 Bxh2 37. Nxh2 Qxh2+ 38. Qxh2 Rxh2+ 39. Rxh2 Rxf3 40. Rh7+ Kxe6
41. Rxb7 d5 42. cxd5+ cxd5 43. Kg2 Rf8 44. Rb5 d4 45. Rxa5 d3 46. Rh5 Rd8 47.
Rh1 Kd5 48. Kf2 Kd4 49. Ke1 Re8+ 50. Kd1 Rg8 51. Rh4+ Ke3 52. Rh3+ Kd4 1/2-1/2

[Event "12th World Teams 2019"]
[Site "Astana KAZ"]
[Date "2019.03.13"]
[Round "8.3"]
[Board "1"]
[White "Adhiban, Baskaran"]
[Black "Swiercz, Dariusz"]
[Result "1/2-1/2"]
[WhiteTitle "GM"]
[BlackTitle "GM"]
[WhiteElo "2683"]
[BlackElo "2655"]
[WhiteTeam "India"]
[BlackTeam "United States of America"]
[WhiteFideId "5018471"]
[BlackFideId "1126881"]
[EventDate "2019.03.05"]

1. d4 Nf6 2. c4 e6 3. Nf3 d5 4. g3 dxc4 5. Bg2 c5 6. O-O Nc6 7. Ne5 Bd7 8. Nxc4
cxd4 9. Bf4 Be7 10. Nd6+ Kf8 11. Nxb7 Qb6 12. Nd6 Qc5 13. b4 Qxb4 14. a3 Qc5 15.
Qb3 Qh5 16. Qc4 Nd5 17. Bf3 Qh3 18. Bg2 Qh5 19. Bf3 Qg6 20. Bxd5 exd5 21. Qxd5
Qe6 22. Qxe6 Bxe6 23. Rc1 Na5 24. Nd2 g5 25. Be5 f6 26. Bxd4 Bxd6 27. Bxf6 Rg8
28. Ne4 Kf7 29. Rc3 Nc4 30. Nxd6+ Nxd6 31. Be5 Nc4 32. Rf3+ Ke8 33. Bd4 a5 34.
a4 Rb8 35. Rc1 Rb4 36. Ra1 Rb7 37. Bc3 Rf8 38. Rd3 Rff7 39. f3 Rfd7 40. g4 Kf7
41. Rxd7+ Bxd7 42. Rd1 Be6 43. Kf2 Rb3 44. Be1 Ra3 45. Rd8 Rxa4 46. Rh8 Kg6 47.
Re8 Bf7 48. Rc8 Ra3 49. Ra8 Kf6 50. Kg3 a4 51. h4 gxh4+ 52. Kxh4 Ke6 53. f4 Ra1
54. f5+ Kd5 55. Bb4 h6 56. Rf8 Rh1+ 57. Kg3 Rb1 58. Be7 Rb7 59. Bf6 Nd6 60. Rd8
Kc6 61. Be5 Rb3+ 62. Kh4 Nc4 63. Bg7 a3 64. Bxh6 a2 65. Bg7 Ne3 66. Rd3 Rxd3 67.
exd3 Kd5 68. Bb2 Kd6 69. Kg5 Ke7 70. Kf4 Nd5+ 71. Kg5 Nb4 72. Kh6 Nxd3 73. Ba1
Kf8 74. g5 Kg8 75. g6 Be8 76. f6 Nb4 77. Kg5 Nc2 78. Bb2 Ne3 79. f7+ Bxf7 80.
gxf7+ Kxf7 81. Kf4 Nc4 82. Ba1 Ke6 83. Ke4 Nd2+ 84. Kd3 Nb3 85. Kc3 Nxa1 86. Kb2
Ke5 87. Kxa1 Kd4 88. Kxa2 1/2-1/2

[Event "12th World Teams 2019"]
[Site "Astana KAZ"]
[Date "2019.03.13"]
[Round "8.3"]
[Board "2"]
[White "Sevian, Samuel"]
[Black "Sasikiran, Krishnan"]
[Result "1-0"]
[WhiteTitle "GM"]
[BlackTitle "GM"]
[WhiteElo "2642"]
[BlackElo "2678"]
[WhiteTeam "United States of America"]
[BlackTeam "India"]
[WhiteFideId "2040506"]
[BlackFideId "5004985"]
[EventDate "2019.03.05"]

1. e4 e5 2. Nf3 Nc6 3. Bb5 a6 4. Ba4 Nf6 5. O-O Be7 6. Re1 b5 7. Bb3 O-O 8. a4
b4 9. d3 d6 10. a5 Be6 11. Bxe6 fxe6 12. Nbd2 Qe8 13. c3 Rb8 14. d4 bxc3 15.
bxc3 exd4 16. cxd4 Nb4 17. Qb3 Nh5 18. Qxe6+ Kh8 19. Rb1 Nf4 20. Qc4 Qg6 21. g3
d5 22. exd5 Bd6 23. Ba3 Nh3+ 24. Kf1 Qh5 25. Rb3 Nxd5 26. Rxb8 Rxb8 27. Bxd6
cxd6 28. Qxa6 Rd8 29. Qc6 Nhf4 30. gxf4 Nxf4 31. Re4 Qf5 32. Re8+ 1-0

[Event "12th World Teams 2019"]
[Site "Astana KAZ"]
[Date "2019.03.13"]
[Round "8.3"]
[Board "4"]
[White "Lenderman, Aleksandr"]
[Black "Sethuraman, S.P."]
[Result "1/2-1/2"]
[WhiteTitle "GM"]
[BlackTitle "GM"]
[WhiteElo "2637"]
[BlackElo "2637"]
[WhiteTeam "United States of America"]
[BlackTeam "India"]
[WhiteFideId "2021285"]
[BlackFideId "5021596"]
[EventDate "2019.03.05"]

1. Nf3 Nf6 2. c4 e6 3. Nc3 d5 4. e3 dxc4 5. Bxc4 a6 6. b3 b5 7. Be2 Bb7 8. Bb2
c5 9. O-O Be7 10. Rc1 O-O 11. Qc2 Nbd7 12. Rfd1 Rc8 13. Qb1 Qb6 14. Qa1 Rfd8 15.
a4 Bc6 16. Qa2 Qb7 17. axb5 axb5 18. Ra1 Ra8 19. Qb1 Nd5 20. Nxd5 Bxd5 21. Qc2
h6 22. h3 Rdc8 23. Rdc1 c4 24. bxc4 bxc4 25. Bd4 Bf6 26. Rxa8 Rxa8 27. Bxf6 Nxf6
28. Ne1 Rd8 29. Bxc4 Bxc4 30. Qxc4 Rxd2 31. Nf3 Rd5 1/2-1/2

[Event "12th World Teams 2019"]
[Site "Astana KAZ"]
[Date "2019.03.13"]
[Round "8.4"]
[Board "3"]
[White "Tabatabaei, M.amin"]
[Black "Guseinov, Gadir"]
[Result "1/2-1/2"]
[WhiteTitle "GM"]
[BlackTitle "GM"]
[WhiteElo "2600"]
[BlackElo "2664"]
[WhiteTeam "Iran"]
[BlackTeam "Azerbaijan"]
[WhiteFideId "12521213"]
[BlackFideId "13401378"]
[EventDate "2019.03.05"]

1. d4 Nf6 2. c4 g6 3. Nc3 Bg7 4. e4 d6 5. Nf3 O-O 6. Be2 c6 7. O-O e5 8. d5 Na6
9. Be3 Ng4 10. Bg5 f6 11. Bd2 f5 12. Ne1 Nf6 13. f3 fxe4 14. fxe4 Nc5 15. Qc2
cxd5 16. cxd5 Bd7 17. Rc1 Rc8 18. Qb1 Qb6 19. Kh1 Na4 20. Nxa4 Bxa4 21. Nf3 Rxc1
22. Rxc1 Bb5 23. Bxb5 Qxb5 24. Qc2 Qe2 25. Re1 Qf2 26. Qc4 Ng4 27. Rf1 Qb6 28.
h3 Ne3 29. Bxe3 Qxe3 30. Qc2 Bh6 31. Re1 Qb6 32. Kh2 Bf4+ 33. g3 Bd2 34. Rf1 Qe3
35. Kg2 Bb4 36. Nh2 Rxf1 37. Nxf1 Qe1 38. Qc8+ Kg7 39. Qd7+ Kh6 40. Qg4 Kg7 41.
Qd7+ Kh6 42. Qg4 Kg7 43. Qd7+ 1/2-1/2

[Event "12th World Teams 2019"]
[Site "Astana KAZ"]
[Date "2019.03.13"]
[Round "8.5"]
[Board "2"]
[White "Ismagambetov, Anuar"]
[Black "Adly, Ahmed"]
[Result "1/2-1/2"]
[WhiteTitle "GM"]
[BlackTitle "GM"]
[WhiteElo "2545"]
[BlackElo "2611"]
[WhiteTeam "Kazakhstan"]
[BlackTeam "Egypt"]
[WhiteFideId "13701525"]
[BlackFideId "10601619"]
[EventDate "2019.03.05"]

1. e4 b6 2. d4 Bb7 3. Nc3 e6 4. Bd3 Nf6 5. Nh3 c5 6. d5 exd5 7. exd5 d6 8. O-O
Be7 9. Re1 O-O 10. Bf4 Nbd7 11. Nb5 Bxd5 12. Nxd6 Bxd6 13. Bxd6 Re8 14. Rxe8+
Qxe8 15. Qe2 Qxe2 16. Bxe2 Bc6 17. f3 Re8 18. Bf1 h6 19. Bg3 Nd5 20. c3 b5 21.
Nf4 N5b6 22. Rd1 c4 23. Rd6 Rc8 24. Ne2 Nc5 25. Rd2 Nba4 26. Nd4 Bd7 27. Bf2 a5
28. g4 f6 29. h4 h5 30. gxh5 Kh7 31. Be3 Re8 32. Kf2 Re5 33. h6 g5 34. hxg5 fxg5
35. b4 axb4 36. cxb4 Nd3+ 37. Bxd3+ cxd3 38. Rxd3 Rd5 39. Rd2 Kxh6 40. Nf5+ Rxf5
41. Rxd7 Nc3 42. Kg3 Kh5 43. Rh7+ Kg6 44. Rc7 Nd5 45. Rc6+ Rf6 46. Rxf6+ Kxf6
47. Bd2 Kf5 48. Be1 Nf4 49. Kf2 Nd3+ 50. Ke2 Nc1+ 51. Ke3 Nxa2 52. Bd2 g4 53.
fxg4+ Kxg4 54. Kd4 Nxb4 55. Bxb4 1/2-1/2

[Event "12th World Teams 2019"]
[Site "Astana KAZ"]
[Date "2019.03.13"]
[Round "8.5"]
[Board "3"]
[White "Fawzy, Adham"]
[Black "Kazhgaleyev, Murtas"]
[Result "1-0"]
[WhiteTitle "IM"]
[BlackTitle "GM"]
[WhiteElo "2461"]
[BlackElo "2587"]
[WhiteTeam "Egypt"]
[BlackTeam "Kazakhstan"]
[WhiteFideId "10613129"]
[BlackFideId "13700316"]
[EventDate "2019.03.05"]

1. e4 e6 2. d4 d5 3. Nc3 Bb4 4. exd5 exd5 5. Bd3 Nf6 6. Ne2 O-O 7. Bg5 h6 8. Bh4
Re8 9. O-O c6 10. f4 Be7 11. Re1 b5 12. Ng3 Na6 13. Nh5 Nxh5 14. Qxh5 Nc7 15.
Bxe7 Rxe7 16. Re5 Bd7 17. Rae1 Rxe5 18. Qxe5 Ne8 19. a4 a6 20. Qe7 Qc8 21. a5
Nf6 22. Qd6 Bf5 23. Bxf5 Qxf5 24. Qxc6 Rf8 25. Rf1 Re8 26. Qxa6 b4 27. Nb5 Qe4
28. h3 Qe3+ 29. Kh2 Qd2 30. Rf3 Re2 31. Rg3 Qxf4 32. Nd6 Re3 33. Qc8+ Ne8 34.
Nf5 Re2 35. a6 Kh7 36. a7 Re1 37. a8=Q Qf2 38. Rxg7+ 1-0

[Event "12th World Teams 2019"]
[Site "Astana KAZ"]
[Date "2019.03.13"]
[Round "8.5"]
[Board "4"]
[White "Makhnev, Denis"]
[Black "Hesham, Abdelrahman"]
[Result "1-0"]
[WhiteTitle "IM"]
[BlackTitle "GM"]
[WhiteElo "2476"]
[BlackElo "2450"]
[WhiteTeam "Kazakhstan"]
[BlackTeam "Egypt"]
[WhiteFideId "13707647"]
[BlackFideId "10600183"]
[EventDate "2019.03.05"]

1. d4 d5 2. c4 e6 3. Nf3 Nf6 4. g3 Bb4+ 5. Bd2 Be7 6. Bg2 O-O 7. O-O Nbd7 8. Qc2
c6 9. Bf4 b6 10. Nc3 Bb7 11. Rfd1 Rc8 12. Ne5 Nxe5 13. dxe5 Nd7 14. cxd5 cxd5
15. e4 d4 16. Rxd4 Bc5 17. Rd3 Bc6 18. Qe2 b5 19. a3 a5 20. Rd2 Qb6 21. a4 bxa4
22. Nxa4 Bxa4 23. Rxa4 Nb8 24. Bf1 Nc6 25. Qb5 Rfd8 26. Qxb6 Bxb6 27. Rc4 Nd4
28. Kg2 Nb3 29. Rd6 Bc5 30. Rd3 Rxd3 31. Bxd3 Rb8 32. Bc2 Bf8 33. Be3 Na1 34.
Bd1 g6 35. b4 axb4 36. Rc1 b3 37. Rxa1 b2 38. Rb1 Ba3 39. Kf3 Rc8 40. Bb3 Rc1
41. Ba2 Kf8 42. Ke2 Kg7 43. Kd3 Kf8 44. Bd2 Kg7 45. Bc3 Kh6 46. Kc4 Kh5 47. f3
g5 48. h3 h6 49. Kb3 Bc5 50. Bxb2 Rxb1 51. Bxb1 Bf2 52. g4+ Kh4 53. Bc2 Kxh3 54.
Kc4 Kg3 55. Bd1 Kf4 56. Kd3 Bb6 57. Ke2 Bc7 58. Kf2 Bb6+ 59. Kg2 Be3 60. Ba4 h5
61. gxh5 g4 62. fxg4 Kxg4 63. Be8 1-0